[Event "Ch Peru"]
[Site "masterchessopen.com Peru"]
[Round "9"]
[White "Mansilla Juan (PER)"]
[Black "Esplana Christian (PER)"]
[Result "0-1"]
[WhiteElo "2252"]
[BlackElo "2239"]

1.e4 c5 2.Nc3 Nc6 3.g3 g6 4.Bg2 Bg7 5.d3 d6 6.Be3 e6 7.Qd2 Nd4 8.Nd1 e5 9.c3
Ne6 10.Ne2 Nf6 11.h3 d5 12.f4 d4 13.cxd4 cxd4 14.Bf2 Bh6 15.O-O exf4 16.Nxf4
Nxf4 17.gxf4 Nh5 18.Be1 O-O 19.Qc1 Be6 20.Bb4 Rc8 21.Qd2 Re8 22.b3 Qh4 {#R}
0-1

[Event "It (open)"]
[Site "masterchessopen.com Porto San Giorgio (Italy)"]
[Round "3"]
[White "Orlov Andrey (RUS)"]
[Black "Rago Riccardo (ITA)"]
[Result "1-0"]
[WhiteElo "2367"]
[BlackElo "2209"]

1.e4 c5 2.Nc3 Nc6 3.g3 d6 4.Bg2 g6 5.d3 Bg7 6.Be3 e5 7.Qd2 Nge7 8.Bh6 O-O 9.h4
f6 10.Bxg7 Kxg7 11.h5 g5 12.h6+ Kh8 13.f4 exf4 14.gxf4 gxf4 15.O-O-O Ng6
16.Nge2 Bg4 17.Rdf1 Qa5 18.Nxf4 Nd4 19.Bh3 Bf3 20.Rhg1 Nxf4 21.Qxf4 Qxc3
22.Rg8+ {#r} 1-0

[Event "It (open)"]
[Site "masterchessopen.com Saint Vincent (Italy)"]
[Round "1"]
[White "Hamdouchi Hichem (FRA)"]
[Black "Drabke Lorenz (GER)"]
[Result "1-0"]
[WhiteElo "2541"]
[BlackElo "2144"]

1.e4 c5 2.Nc3 Nc6 3.g3 g6 4.Bg2 Bg7 5.d3 d6 6.Be3 Rb8 7.Qd2 b5 8.f4 Qb6 9.Nf3
f5 10.O-O Nf6 11.e5 Ng4 12.exd6 exd6 13.Nd5 Qd8 14.d4 O-O 15.dxc5 Nxe3 16.Qxe3
Bxb2 17.Rad1 Kh8 18.c3 Re8 19.Qf2 Ba3 20.Nb4 Nxb4 21.Qd4+ Kg8 22.cxb4 Re4
23.Qxd6 Qxd6 24.cxd6 {#r} 1-0

[Event "It (open)"]
[Site "masterchessopen.com San Sebastian (Spain)"]
[Round "7"]
[White "Bermejo Luis (ESP)"]
[Black "Ingunza Lopez Txema (ESP)"]
[Result "1-0"]
[WhiteElo "2239"]
[BlackElo "2054"]

1.e4 c5 2.Nc3 Nc6 3.g3 g6 4.Bg2 Bg7 5.d3 d6 6.Be3 e6 7.Qd2 Nd4 8.Nd1 Rb8 9.c3
Nc6 10.Ne2 Nge7 11.O-O O-O 12.Bh6 d5 13.Bxg7 Kxg7 14.exd5 Nxd5 15.Ne3 Nce7
16.d4 Nxe3 17.Qxe3 Nf5 18.Qe5+ {#r} 1-0

[Event "Ch Wales"]
[Site "masterchessopen.com Swansea (Wales)"]
[Round "1"]
[White "Guy David (WLS)"]
[Black "Morris Gareth (WLS)"]
[Result "0-1"]
[WhiteElo "2041"]
[BlackElo "2141"]

1.e4 c5 2.Nc3 Nc6 3.g3 g6 4.Bg2 Bg7 5.d3 d6 6.Be3 Rb8 7.Qd2 b5 8.O-O-O Qa5
9.Kb1 b4 10.Nd5 e6 11.Nf4 Rb6 12.Nf3 Ra6 {#R} 0-1

[Event "It (open)"]
[Site "masterchessopen.com Utrecht (Netherlands)"]
[Round "2"]
[White "Coene Igor (NED)"]
[Black "Segers Hans (NED)"]
[Result "1-0"]
[WhiteElo "2180"]
[BlackElo "2060"]

1.e4 c5 2.Nc3 d6 3.g3 g6 4.Bg2 Bg7 5.d3 Nc6 6.Be3 Nd4 7.Qd2 Qa5 8.f4 e6 9.Nf3
Ne7 10.O-O O-O 11.f5 gxf5 12.Bh6 Ng6 13.h4 Nxf3+ 14.Rxf3 Bxh6 15.Qxh6 Ne5
16.exf5 Nxf3+ 17.Bxf3 f6 18.Re1 e5 19.Bd5+ Rf7 20.Qxf6 {#r} 1-0

[Event "Tournament (juniors) (under 18)"]
[Site "masterchessopen.com Wurmannsquick (Germany)"]
[Round "1"]
[White "Pitl Gregory (GER)"]
[Black "Neidlinger Markus (GER)"]
[Result "0-1"]
[WhiteElo "2163"]
[BlackElo "2145"]

1.e4 c5 2.Nc3 Nc6 3.g3 g6 4.Bg2 Bg7 5.d3 d6 6.Be3 Nf6 7.Qd2 Ng4 8.Bg5 h6 9.f3
hxg5 10.fxg4 Bxg4 11.Qxg5 Qb6 12.Qc1 Qb4 13.h3 Bxc3+ 14.bxc3 Qxc3+ 15.Kf1 Qf6+
16.Ke1 Be6 17.Ne2 Nb4 18.d4 cxd4 19.Qb2 Nxc2+ 20.Qxc2 d3 21.e5 Qxe5 {#R} 0-1

[Event "Ch Georgia (juniors) (under 16) (g)"]
[Site "masterchessopen.com Tbilisi (Georgia)"]
[Round "0"]
[White "Mkheidze Nino (GEO)"]
[Black "Batsashvili Maia (GEO)"]
[Result "0-1"]
[WhiteElo "2121"]
[BlackElo "2032"]

1.e4 c5 2.Nc3 Nc6 3.g3 g6 4.Bg2 Bg7 5.d3 d6 6.Be3 e6 7.Qd2 Qa5 8.f4 Nge7 9.Nf3
Nd4 10.O-O Nec6 11.a3 O-O 12.Nh4 Rb8 13.b4 cxb4 14.axb4 Qxb4 15.Rab1 Qxc3
16.Qxc3 Ne2+ 17.Kf2 Nxc3 18.Rb3 Nd4 19.Bxd4 {#R} 0-1

[Event "Bayern Regionalliga Southeast 2000/01"]
[Site "masterchessopen.com Bayern (Germany)"]
[Round "7"]
[White "Unverricht Sebastian"]
[Black "Mauro Christian (GER)"]
[Result "0-1"]
[WhiteElo "1705"]
[BlackElo "2088"]

1.e4 c5 2.Nc3 d6 3.g3 g6 4.Bg2 Bg7 5.d3 Nc6 6.Be3 e6 7.Qd2 Nge7 8.h4 Nd4 9.h5
Bd7 10.hxg6 hxg6 11.Rxh8+ Bxh8 12.Bg5 Bc6 13.Nge2 Qc7 14.Nxd4 cxd4 15.Ne2 Rd8
16.Qb4 a5 17.Qa3 b5 18.b3 Bb7 19.Bxe7 Kxe7 20.Kd2 Bg7 21.Rh1 Rc8 22.Qb2 Qc5
23.Kd1 Kf8 24.f4 f5 {#R} 0-1

[Event "Ch Mittelfranken (HT)"]
[Site "masterchessopen.com Buechenbach (Germany)"]
[Round "5"]
[White "Horstmann Sven (GER)"]
[Black "Feldmann Gerhard"]
[Result "1-0"]
[WhiteElo "2087"]
[BlackElo "1965"]

1.e4 c5 2.Nc3 Nc6 3.g3 g6 4.Bg2 Bg7 5.d3 d6 6.Be3 e6 7.Qd2 Nge7 8.Bh6 O-O 9.h4
f5 10.Bxg7 Kxg7 11.h5 Rh8 12.Nge2 d5 13.exd5 Nxd5 14.Nxd5 exd5 15.O-O-O b6
16.hxg6 h6 17.Nf4 Ne7 18.c4 Nxg6 19.Bxd5 Rb8 20.Nh5+ Kf8 21.Qc3 Rh7 22.Rde1
Bd7 23.Nf6 Rg7 24.Rxh6 {#r} 1-0

[Event "Ch Russia (juniors) (under 16)"]
[Site "masterchessopen.com Cherepovets (Russia)"]
[Round "0"]
[White "Egoshin Nikola (RUS)"]
[Black "Isajevsky Anton (RUS)"]
[Result "0-1"]
[WhiteElo "2116"]
[BlackElo "2333"]

1.e4 c5 2.Nc3 Nc6 3.g3 g6 4.Bg2 Bg7 5.d3 d6 6.Be3 e5 7.Qd2 Be6 8.Nge2 Nd4
9.Nd1 Ne7 10.c3 Nxe2 11.Qxe2 O-O 12.f4 Rc8 13.Nf2 d5 14.fxe5 d4 15.Bd2 Nc6
16.c4 Nxe5 17.Bh3 b5 18.b3 Bxh3 19.Nxh3 bxc4 20.bxc4 Nxc4 21.dxc4 d3 22.Qd1
Qd4 {#R} 0-1

[Event "Ch Pan-American (juniors) (under 20) (g)"]
[Site "masterchessopen.com Cusco (Peru)"]
[Round "5"]
[White "Zapata Karen (PER)"]
[Black "Moncayo Romero Evelyn (ECU)"]
[Result "0-1"]
[WhiteElo "2036"]
[BlackElo "2204"]

1.e4 c5 2.Nc3 Nc6 3.g3 d6 4.Bg2 g6 5.d3 Bg7 6.Be3 e6 7.Nf3 Nd4 8.O-O Ne7 9.Qd2
O-O 10.Bh6 Nec6 11.Bxg7 Kxg7 12.Ne1 Qa5 13.f4 f5 14.Qf2 Bd7 15.h3 b5 16.Nd1
Rae8 17.Ne3 e5 18.exf5 exf4 19.Qxf4 Ne2+ {#R} 0-1

[Event "Bundesliga 2000/01 (w)"]
[Site "masterchessopen.com Germany"]
[Round "8"]
[White "David Gundula (GER)"]
[Black "Goihl Mona (GER)"]
[Result "1-0"]
[WhiteElo "2041"]
[BlackElo "2134"]

1.e4 c5 2.Nc3 Nc6 3.d3 g6 4.g3 Bg7 5.Bg2 d6 6.Be3 Rb8 7.Qd2 Nd4 8.Nd1 b5 9.c3
Nc6 10.f4 e6 11.f5 exf5 12.exf5 Ne5 13.fxg6 hxg6 14.Nf2 Bb7 15.Bxb7 Rxb7
16.O-O-O Ne7 17.Qe2 Qa5 18.Kb1 Nd5 19.d4 Nc4 20.Bg5+ Kd7 21.Qf3 Ncb6 22.dxc5
Bxc3 23.cxb6 Qxb6 24.Qxd5 {#r} 1-0

[Event "Tournament"]
[Site "masterchessopen.com Heves (Hungary)"]
[Round "10"]
[White "Forgo Janos (HUN)"]
[Black "Besnyo Marton (HUN)"]
[Result "0-1"]
[WhiteElo "2047"]
[BlackElo "2026"]

1.e4 c5 2.Nc3 Nc6 3.g3 g6 4.Bg2 Bg7 5.d3 d6 6.Be3 Nf6 7.f3 O-O 8.Qd2 Re8 9.Bh6
Bh8 10.h4 e6 11.g4 d5 12.h5 dxe4 13.hxg6 fxg6 14.Bg5 exd3 15.O-O-O dxc2
16.Qxc2 Qc7 17.Nge2 b6 18.Nb5 Qe7 19.Kb1 Ba6 20.Nf4 Bxb5 21.Nxg6 hxg6 22.Qxg6+
Bg7 23.Rh7 Ne5 {#R} 0-1

[Event "Ch Poland (team) (juniors) (under 20) (2 div)"]
[Site "masterchessopen.com Krynica (Poland)"]
[Round "10"]
[White "Becker Bartosz (POL)"]
[Black "Liberadzki Slawomir (POL)"]
[Result "0-1"]
[WhiteElo "2069"]
[BlackElo "2099"]

1.e4 c5 2.Nc3 Nc6 3.d3 g6 4.Be3 d6 5.g3 Bg7 6.Bg2 Rb8 7.Qd2 b5 8.h3 b4 9.Nd1
Bd7 10.Ne2 Qc8 11.f4 Nf6 12.g4 h5 13.g5 Ng8 14.h4 Bg4 15.O-O e6 16.Bf3 Bxf3
17.Rxf3 Nge7 18.Ng3 Nd4 19.Rf1 O-O 20.Kg2 a5 {#R} 0-1

[Event "Ch Poland (team) (juniors) (under 20) (2 div)"]
[Site "masterchessopen.com Krynica (Poland)"]
[Round "3"]
[White "Kukla Piotr (POL)"]
[Black "Szoen Dariusz (POL)"]
[Result "0-1"]
[WhiteElo "2055"]
[BlackElo "2290"]

1.e4 c5 2.Nc3 d6 3.g3 g6 4.Bg2 Bg7 5.d3 Nc6 6.Be3 e5 7.Qd2 Nge7 8.Bh6 Bxh6
9.Qxh6 Nd4 10.Qd2 O-O 11.h4 f6 12.Nh3 Bg4 13.Ng1 Qd7 14.f3 Be6 15.Nge2 Rac8
16.O-O b5 17.Nd1 d5 18.Ne3 Nxe2+ 19.Qxe2 d4 20.Ng4 c4 21.Kh2 Kg7 22.Qd2 Bxg4
23.fxg4 c3 24.bxc3 Rxc3 {#R} 0-1

[Event "Ch Netherlands (juniors) (under 16)"]
[Site "masterchessopen.com Nijmegen (Netherlands)"]
[Round "8"]
[White "Ruijgrok Dennis (NED)"]
[Black "De Wind Joris (NED)"]
[Result "1-0"]
[WhiteElo "2269"]
[BlackElo "2114"]

1.e4 c5 2.Nc3 Nc6 3.g3 g6 4.Bg2 Bg7 5.d3 d6 6.Be3 e6 7.Qd2 b6 8.Nf3 Nd4 9.Bxd4
cxd4 10.Nb5 e5 11.Qb4 Ke7 12.Nfxd4 exd4 13.e5 Rb8 14.Nxa7 Bd7 15.Qxd6+ Ke8
16.Nc6 Bf8 17.Qxb8 Bb4+ 18.Kf1 Qxb8 19.Nxb8 Be6 20.a3 {#r} 1-0

[Event "Ch Spain (juniors) (under 12)"]
[Site "masterchessopen.com Oropesa (Spain)"]
[Round "8"]
[White "Tierraseca Montero Pablo (ESP)"]
[Black "Fernandez Losada Daniel (ESP)"]
[Result "0-1"]
[WhiteElo "2103"]
[BlackElo "2159"]

1.e4 c5 2.Nc3 Nc6 3.g3 g6 4.Bg2 Bg7 5.d3 d6 6.Be3 Rb8 7.Qd2 b5 8.f4 Bd7 9.Nge2
e6 10.O-O f5 11.a4 b4 12.Nd1 Qe7 13.h3 Nh6 14.Bf2 O-O 15.Bf3 Nd8 16.c3 Kh8
17.Ne3 Bc6 18.Nc1 e5 19.fxe5 bxc3 20.bxc3 Qxe5 21.Ne2 fxe4 22.dxe4 Bxe4 23.Nd4
{#R} 0-1

[Event "It (open)"]
[Site "masterchessopen.com Polanica Zdroj (Poland)"]
[Round "6"]
[White "Jasik Krzysztof (POL)"]
[Black "Czakon Jakub (POL)"]
[Result "0-1"]
[WhiteElo "2255"]
[BlackElo "2121"]

1.e4 c5 2.Nc3 d6 3.g3 Nc6 4.Bg2 g6 5.d3 Bg7 6.Be3 e6 7.Qd2 Rb8 8.Nge2 Nd4
9.O-O Ne7 10.Bh6 O-O 11.Bxg7 Kxg7 12.Nxd4 cxd4 13.Ne2 e5 14.f4 f6 15.c3 dxc3
16.bxc3 Be6 17.d4 Bc4 18.Kh1 Qa5 19.Rfd1 Rfd8 20.Ng1 exf4 {#R} 0-1

[Event "It (open)"]
[Site "masterchessopen.com Polanica Zdroj (Poland)"]
[Round "2"]
[White "Puszczewicz Krzysztof (POL)"]
[Black "Langer Krzysztof (POL)"]
[Result "1-0"]
[WhiteElo "2199"]
[BlackElo "2106"]

1.e4 c5 2.Nc3 Nc6 3.g3 g6 4.d3 Bg7 5.Be3 d6 6.Bg2 Nf6 7.h3 O-O 8.Qd2 Bd7 9.f4
Qc8 10.Nge2 h5 11.d4 cxd4 12.Nxd4 Nxd4 13.Bxd4 Rd8 14.O-O-O Bc6 15.Rhe1 e5
16.Bg1 Bh6 17.Be3 Bg7 18.fxe5 dxe5 19.Qxd8+ Qxd8 20.Rxd8+ Rxd8 {#r} 1-0

[Event "It (open)"]
[Site "masterchessopen.com Polanica Zdroj (Poland)"]
[Round "5"]
[White "Puszczewicz Krzysztof (POL)"]
[Black "Teterev Vitaly (BLR)"]
[Result "0-1"]
[WhiteElo "2199"]
[BlackElo "2301"]

1.e4 c5 2.Nc3 Nc6 3.g3 g6 4.d3 Bg7 5.Be3 d6 6.Bg2 e5 7.Qd2 Nge7 8.Bh6 O-O 9.h4
Bxh6 10.Qxh6 f6 11.O-O-O Nd4 12.Bh3 b5 13.Bxc8 Rxc8 14.Kb1 b4 15.Nce2 Rc6
16.Nxd4 cxd4 17.h5 g5 18.f4 Kh8 19.fxg5 Ng8 20.Qg6 hxg6 {#R} 0-1

[Event "Ch Croatia (juniors) (under 17)"]
[Site "masterchessopen.com Pula (Croatia)"]
[Round "6"]
[White "Solic Kristina (CRO)"]
[Black "Brenc Tomislav (CRO)"]
[Result "1-0"]
[WhiteElo "2056"]
[BlackElo "2057"]

1.e4 c5 2.Nc3 Nc6 3.g3 d6 4.Bg2 g6 5.d3 Bg7 6.Be3 e6 7.Qd2 Rb8 8.a4 a6 9.Nge2
Nd4 10.Nd1 Bd7 11.Nc1 Nc6 12.f4 Nge7 13.O-O O-O 14.c3 Qa5 15.Qf2 b5 16.Nb3 Qc7
17.axb5 Rxb5 18.Nd2 Ra5 19.Rxa5 Qxa5 20.e5 dxe5 21.Bxc5 Qc7 22.fxe5 f5 23.Bd6
{#r} 1-0

[Event "It (open)"]
[Site "masterchessopen.com San Agustin (Spain)"]
[Round "9"]
[White "Antal Agnes (HUN)"]
[Black "Montes Gutierrez Ignacio (ESP)"]
[Result "0-1"]
[WhiteElo "2043"]
[BlackElo "2225"]

1.e4 c5 2.Nc3 Nc6 3.g3 d6 4.Bg2 g6 5.d3 Bg7 6.Be3 e6 7.Qd2 Rb8 8.a4 a6 9.Nge2
Nge7 10.Bh6 O-O 11.h4 f5 12.h5 Rf7 13.hxg6 Nxg6 14.exf5 Nge5 15.O-O-O Nb4
16.fxe6 Bxe6 17.Nf4 Bd7 18.Ne4 Bxh6 19.Rxh6 Bxa4 20.Nxd6 Bxc2 21.Qe3 Qa5
22.Rdh1 Qa1+ 23.Kd2 Qxb2 24.Ne6 Bb3+ {#R} 0-1

[Event "It (open) (juniors)"]
[Site "masterchessopen.com St. Lo (France)"]
[Round "8"]
[White "Clement Nicolas (FRA)"]
[Black "Tripoteau Nicolas (FRA)"]
[Result "0-1"]
[WhiteElo "2091"]
[BlackElo "2207"]

1.e4 c5 2.Nc3 Nc6 3.g3 g6 4.Bg2 Bg7 5.d3 d6 6.Be3 Nd4 7.Qd2 Qa5 8.Nge2 Nxe2
9.Kxe2 Nf6 10.a3 Ng4 11.Raf1 Be6 12.Bg5 h6 13.Bf4 Qb6 14.h3 g5 15.hxg4 gxf4
16.b3 fxg3 17.f3 O-O-O 18.Bh3 Bd4 19.Nd1 h5 20.c3 hxg4 21.Bxg4 g2 {#R} 0-1

[Event "It (open)"]
[Site "masterchessopen.com Aviles (Spain)"]
[Round "6"]
[White "Alonso Alvarez Aitor (ESP)"]
[Black "Vioreanu Bogdan-Gabriel (ROM)"]
[Result "0-1"]
[WhiteElo "2117"]
[BlackElo "2386"]

1.e4 c5 2.Nc3 Nc6 3.g3 g6 4.Bg2 Bg7 5.d3 d6 6.Be3 e5 7.f4 Nge7 8.fxe5 Nxe5
9.h3 O-O 10.Qd2 f5 11.Bh6 Bxh6 12.Qxh6 fxe4 13.Bxe4 Be6 14.Nge2 Nf5 15.Qd2 d5
16.Bg2 d4 17.Nd1 Nxg3 18.Nxg3 Qh4 {#R} 0-1

[Event "Olympiad (w)"]
[Site "masterchessopen.com Bled (Slovenia)"]
[Round "6"]
[White "Mendoza Beverly (PHI)"]
[Black "Powell Annie (WLS)"]
[Result "1-0"]
[WhiteElo "2140"]
[BlackElo "2034"]

1.e4 c5 2.Nc3 Nc6 3.g3 g6 4.Bg2 Bg7 5.d3 d6 6.Be3 e6 7.Nge2 Nd4 8.Qd2 Rb8
9.Rb1 b6 10.Bxd4 cxd4 11.Nb5 Qd7 12.Qb4 a5 13.Nxd6+ Kd8 14.Nxf7+ Ke8 15.Nd6+
Kd8 16.Qa3 e5 17.Nf7+ {#r} 1-0

[Event "It (open)"]
[Site "masterchessopen.com Fouesnant (France)"]
[Round "6"]
[White "Leray Jerome (FRA)"]
[Black "Le Goff Damien (FRA)"]
[Result "1-0"]
[WhiteElo "2198"]
[BlackElo "1959"]

1.e4 c5 2.Nc3 Nc6 3.g3 g6 4.Bg2 Bg7 5.d3 d6 6.Be3 Rb8 7.Qd2 Nf6 8.Bh6 Bxh6
9.Qxh6 Nd4 10.Rc1 b5 11.Nf3 b4 12.Nxd4 cxd4 13.Ne2 e5 14.h3 Be6 15.O-O Ke7
16.f4 Qf8 17.Qh4 Qg7 18.fxe5 dxe5 19.Qg5 h6 20.Qxe5 {#r} 1-0

[Event "It \"]
[Site "masterchessopen.com Frankfurt (Germany)"]
[Round "3"]
[White "Gramlich Sebastian (GER)"]
[Black "Siemon Walter (GER)"]
[Result "1-0"]
[WhiteElo "2106"]
[BlackElo "2023"]

1.e4 c5 2.Nc3 Nc6 3.g3 g6 4.Bg2 Bg7 5.d3 d6 6.Be3 Nf6 7.h3 O-O 8.Nf3 Nd7 9.Qd2
Nd4 10.O-O Re8 11.Nh4 e6 12.Nd1 e5 13.c3 {#r} 1-0

[Event "It (open)"]
[Site "masterchessopen.com Lappeenranta (Finland)"]
[Round "5"]
[White "Upero Jussi (FIN)"]
[Black "Paronen Petteri (FIN)"]
[Result "0-1"]
[WhiteElo "2114"]
[BlackElo "2168"]

1.e4 c5 2.Nc3 Nc6 3.g3 g6 4.Bg2 Bg7 5.d3 d6 6.Be3 e5 7.Nge2 h5 8.h4 Be6 9.Nd5
Nh6 10.f3 Bxd5 11.exd5 Ne7 12.Nc3 Nhf5 13.Bf2 Bh6 14.Qe2 Nd4 15.Qe4 f5 {#R}
0-1

[Event "It (open)"]
[Site "masterchessopen.com Northumberland (England)"]
[Round "3"]
[White "Hawkins Jonathan (ENG)"]
[Black "Coathup Roger (ENG)"]
[Result "0-1"]
[WhiteElo "2480"]
[BlackElo "2134"]

1.e4 c5 2.Nc3 Nc6 3.g3 g6 4.Bg2 Bg7 5.d3 d6 6.Be3 Rb8 7.Qd2 b5 8.Nge2 b4 9.Nd1
Qa5 10.d4 cxd4 11.Nxd4 Nxd4 12.Bxd4 Nf6 13.O-O O-O 14.Re1 Ng4 15.Bxg7 Kxg7
16.Ne3 Nxe3 17.Qxe3 Be6 18.a3 Rfc8 19.Qd4+ Qe5 20.Qxe5+ dxe5 21.Rec1 bxa3
22.Rxa3 Rxb2 23.Rxa7 Rcxc2 {#R} 0-1

[Event "Ch Norway (juniors) (open)"]
[Site "masterchessopen.com Oslo (Norway)"]
[Round "6"]
[White "Mohammadi Amir (SWE)"]
[Black "Kjartansson Gudmundur (ISL)"]
[Result "1-0"]
[WhiteElo "2160"]
[BlackElo "2106"]

1.e4 c5 2.Nc3 Nc6 3.g3 d6 4.Bg2 g6 5.d3 Bg7 6.Be3 e6 7.Qd2 Nge7 8.Bh6 O-O 9.h4
Bxh6 10.Qxh6 f6 11.Qd2 h5 12.f3 e5 13.O-O-O Rb8 14.Bh3 Bxh3 15.Nxh3 b5 16.g4
hxg4 17.fxg4 b4 18.Ne2 d5 19.Qh6 Kf7 20.Rdf1 Ke8 21.Ng5 Qd6 22.exd5 Qxd5
23.Nh7 Rf7 24.h5 {#r} 1-0

[Event "Ch Europe (juniors) (under 18) (g)"]
[Site "masterchessopen.com Peniscola (Spain)"]
[Round "1"]
[White "Costantini Laura (ITA)"]
[Black "Komiagina Maria (RUS)"]
[Result "0-1"]
[WhiteElo "2047"]
[BlackElo "2214"]

1.e4 c5 2.Nc3 d6 3.g3 Nc6 4.Bg2 g6 5.d3 Bg7 6.Be3 e6 7.Qd2 Nge7 8.Bh6 Bxh6
9.Qxh6 Nd4 10.O-O-O b5 11.Nce2 e5 12.f4 Bg4 13.Nxd4 Bxd1 14.Nxb5 Qb6 15.fxe5
Qxb5 16.exd6 Bxc2 17.dxe7 Qxd3 18.Nf3 Ba4 19.Ne1 Qd1# 0-1

[Event "It (open)"]
[Site "masterchessopen.com Senden (Germany)"]
[Round "2"]
[White "Hofene Dieter (GER)"]
[Black "Savchenko Stanislav (UKR)"]
[Result "0-1"]
[WhiteElo "2168"]
[BlackElo "2539"]

1.e4 c5 2.Nc3 Nc6 3.g3 g6 4.Bg2 Bg7 5.d3 d6 6.Be3 e5 7.Qd2 Be6 8.f4 Nd4 9.Nd1
exf4 10.Bxf4 d5 11.Nc3 Ne7 12.Nh3 Bxh3 {#R} 0-1

[Event "It (c)"]
[Site "masterchessopen.com St. Lo (France)"]
[Round "3"]
[White "Lelong Eric (FRA)"]
[Black "Le Goff Damien (FRA)"]
[Result "1-0"]
[WhiteElo "2093"]
[BlackElo "1959"]

1.e4 c5 2.Nc3 Nc6 3.g3 g6 4.Bg2 Bg7 5.d3 d6 6.Be3 Nf6 7.h3 Rb8 8.f4 Qb6 9.Rb1
O-O 10.Nge2 Nd7 11.f5 Nde5 12.O-O Qd8 13.Qd2 a6 14.g4 b5 15.Bh6 b4 16.Nd5 a5
17.Nxe7+ Qxe7 18.Bxg7 Re8 19.f6 Qa7 20.Qh6 Nd8 21.Bf8 Ne6 22.Bxd6 Rb5 23.Bxe5
c4+ 24.Bd4 {#r} 1-0

[Event "Ch Great Britain"]
[Site "masterchessopen.com Torquay (England)"]
[Round "3"]
[White "Willman Robert (ENG)"]
[Black "Rees Ioan (WLS)"]
[Result "1-0"]
[WhiteElo "2214"]
[BlackElo "2106"]

1.e4 c5 2.Nc3 Nc6 3.g3 g6 4.Bg2 Bg7 5.d3 d6 6.Be3 Qa5 7.Ne2 Nd4 8.O-O e6 9.f4
Ne7 10.g4 f5 11.h3 O-O 12.Ng3 Rb8 13.Qd2 b5 14.Nd5 Nec6 15.Ne7+ Kh8 16.Nxc8
Rbxc8 17.c3 a6 18.Qd1 e5 19.cxd4 cxd4 20.Bd2 {#r} 1-0

[Event "It (open)"]
[Site "masterchessopen.com Vins du Medoc (France)"]
[Round "2"]
[White "Debray Tristan (FRA)"]
[Black "Renet Olivier (FRA)"]
[Result "0-1"]
[WhiteElo "2023"]
[BlackElo "2497"]

1.e4 c5 2.Nc3 Nc6 3.g3 g6 4.Bg2 Bg7 5.d3 d6 6.Be3 e6 7.Qd2 Nd4 8.f4 Ne7 9.Nf3
O-O 10.O-O Rb8 11.Rae1 b6 12.Qf2 Nxf3+ 13.Bxf3 d5 14.d4 dxe4 15.dxc5 exf3
16.Rd1 Qc7 17.Nb5 Qb7 18.b4 Nd5 19.a3 Nxe3 {#R} 0-1

[Event "It (open)"]
[Site "masterchessopen.com Newport (Wales)"]
[Date "2002.01.06"]
[Round "4"]
[White "Jones Richard S (WLS)"]
[Black "Hardie John (WLS)"]
[Result "1-0"]
[WhiteElo "2249"]
[BlackElo "2057"]

1.e4 c5 2.Nc3 Nc6 3.g3 g6 4.Bg2 Bg7 5.d3 d6 6.Be3 e6 7.Qd2 Qa5 8.Nge2 Nd4
9.Nc1 Ne7 10.O-O O-O 11.f4 Nec6 12.Qf2 b5 13.Nd1 b4 14.e5 Bd7 15.exd6 Rac8
16.c3 bxc3 17.bxc3 Nb5 18.Nb3 Qd8 19.Rc1 c4 20.dxc4 Nxd6 21.Bc5 Qc7 {#r} 1-0

[Event "Ch Hungary (team) 2001/02 (2 liga)"]
[Site "masterchessopen.com Hungary"]
[Date "2002.02.10"]
[Round "7"]
[White "Hidegh Eszter (HUN)"]
[Black "Kincs Imre (HUN)"]
[Result "1-0"]
[WhiteElo "2147"]
[BlackElo "2297"]

1.e4 c5 2.Nc3 Nc6 3.g3 g6 4.Bg2 Bg7 5.d3 d6 6.Be3 h5 7.f4 h4 8.g4 Bd4 9.Bd2 e5
10.h3 exf4 11.Bxf4 Be5 12.Qd2 Nd4 13.Nd5 Nf6 14.c3 Ne6 15.Bxe5 dxe5 16.Ne2 g5
17.O-O Nf4 18.Nexf4 gxf4 19.Nxf4 exf4 20.Qxf4 Bxg4 21.e5 Be2 22.Rf2 Bxd3
23.exf6 Qb6 24.Qe3+ {#r} 1-0

[Event "It (open)"]
[Site "masterchessopen.com Gyongyos (Hungary)"]
[Date "2002.07.23"]
[Round "1"]
[White "Merenkov Mikhail (UKR)"]
[Black "Bakos Levente (HUN)"]
[Result "1-0"]
[WhiteElo "2232"]
[BlackElo "1900"]

1.e4 c5 2.Nc3 g6 3.g3 Bg7 4.Bg2 Nc6 5.d3 d6 6.Be3 e6 7.Qd2 Nge7 8.Bh6 O-O 9.h4
f5 10.Bxg7 Kxg7 11.h5 Qe8 12.Nb5 Qf7 13.Nxd6 Qf6 14.hxg6 Qxg6 15.Nf3 h5
16.O-O-O Rd8 17.Qc3+ Kh7 18.Nc4 Nb4 19.Kb1 Kh6 20.Nfe5 Qe8 21.Bf3 Kh7 22.Bxh5
Qa4 23.Be8+ {#r} 1-0

[Event "Ch Italy (juniors) (under 20)"]
[Site "masterchessopen.com Bratto (Italy)"]
[Date "2002.08.27"]
[Round "8"]
[White "Nardi Marco (ITA)"]
[Black "Tomba Ivan (ITA)"]
[Result "0-1"]
[WhiteElo "2047"]
[BlackElo "2158"]

1.e4 c5 2.Nc3 d6 3.g3 Nc6 4.Bg2 g6 5.d3 Bg7 6.Be3 Nd4 7.Qd2 Qa5 8.f4 e6 9.Nh3
Ne7 10.O-O O-O 11.Qf2 Qc7 12.e5 dxe5 13.fxe5 Nef5 14.Bf4 Bxe5 15.Bxe5 Qxe5
16.Rae1 Qg7 17.Ne4 h5 18.Nxc5 Rb8 19.Qf4 Nxc2 20.Qxb8 Nxe1 21.Bxb7 Qd4+ 22.Kh1
Qxc5 23.Rxe1 Qb6 {#R} 0-1

[Event "Landesliga South 2002/03"]
[Site "masterchessopen.com Germany"]
[Date "2002.12.15"]
[Round "3"]
[White "Scheckenbach Franz (GER)"]
[Black "Gnegel Boris-Igor (GER)"]
[Result "1-0"]
[WhiteElo "2144"]
[BlackElo "2097"]

1.e4 c5 2.Nc3 Nc6 3.g3 g6 4.Bg2 Bg7 5.d3 d6 6.Be3 Nf6 7.h3 O-O 8.Qd2 Qa5
9.Nge2 Bd7 10.O-O Rfd8 11.f4 e6 12.f5 Rf8 13.Bh6 Nd4 14.Bxg7 Nxe2+ 15.Qxe2
Kxg7 16.e5 dxe5 17.fxg6 fxg6 18.Qxe5 Qb4 19.Rf4 {#r} 1-0